ជីវវិទ្យា ថ្នាក់ទី១២ : (Record no. 6678)
[ view plain ]
| 000 -LEADER | |
|---|---|
| fixed length control field | 01397nam a22002297a 4500 |
| 001 - CONTROL NUMBER | |
| control field | 6678 |
| 003 - CONTROL NUMBER IDENTIFIER | |
| control field | FISKH |
| 005 - DATE AND TIME OF LATEST TRANSACTION | |
| control field | 20250520123341.0 |
| 008 - FIXED-LENGTH DATA ELEMENTS--GENERAL INFORMATION | |
| fixed length control field | 250520b cb ||||| |||| 00| 0 eng d |
| 040 ## - CATALOGING SOURCE | |
| Original cataloging agency | FISKH |
| Language of cataloging | khr |
| Transcribing agency | FISKH |
| Modifying agency | FISKH |
| 082 ## - DEWEY DECIMAL CLASSIFICATION NUMBER | |
| Classification number | 570 |
| 100 ## - MAIN ENTRY--PERSONAL NAME | |
| Personal name | Kimeang, Chea |
| 245 ## - TITLE STATEMENT | |
| Title | ជីវវិទ្យា ថ្នាក់ទី១២ : |
| Remainder of title | សំណួរ ចម្លើយ ភាគ១ / |
| Statement of responsibility, etc. | ជា គឺមអៀង |
| 260 ## - PUBLICATION, DISTRIBUTION, ETC. | |
| Place of publication, distribution, etc. | ភ្នំពេញ : |
| 300 ## - PHYSICAL DESCRIPTION | |
| Extent | 165 pages : |
| Other physical details | illustrations ; |
| Dimensions | 15 cm . |
| 520 ## - SUMMARY, ETC. | |
| Summary, etc. | សៀវភៅ សំណួរ-ចម្លើយ ជីវវិទ្យា ថ្នាក់ទី ១២ ភាគ ១ ដែលរៀបរៀងដោយ ជា គឹមអៀង គឺជាឧបករណ៍សិក្សាសំខាន់សម្រាប់សិស្សថ្នាក់ទី ១២ ដែលចង់ត្រៀមខ្លួនសម្រាប់ការប្រឡងជីវវិទ្យា។<br/><br/> |
| 520 ## - SUMMARY, ETC. | |
| Summary, etc. | This book provides summarized lessons and question-answer exercises related to the Grade 12 Biology Part 1 curriculum. It is designed to help students gain a clear understanding and retain important content for exam preparation." |
| 650 ## - SUBJECT ADDED ENTRY--TOPICAL TERM | |
| Topical term or geographic name entry element | សារពាង្គកាយ |
| Form subdivision | ជីវវិទ្យា |
| 650 ## - SUBJECT ADDED ENTRY--TOPICAL TERM | |
| Topical term or geographic name entry element | Body |
| Form subdivision | Biology |
| 942 ## - ADDED ENTRY ELEMENTS (KOHA) | |
| Source of classification or shelving scheme | Dewey Decimal Classification |
| Koha item type | Khmer Books |
| Suppress in OPAC | No |
| Withdrawn status | Lost status | Source of classification or shelving scheme | Damaged status | Not for loan | Collection | Home library | Current library | Shelving location | Date acquired | Total Checkouts | Full call number | Barcode | Date last seen | Price effective from | Koha item type |
|---|---|---|---|---|---|---|---|---|---|---|---|---|---|---|---|
| Dewey Decimal Classification | Khmer Language Books / សៀវភៅភាសាខ្មែរ | Footprints International School Library Network Toul Tom Poung Campus | Footprints International School Library Network Toul Tom Poung Campus | TTP Secondary Khmer Bookshelves | 05/20/2025 | KIM 570 | 2025-1338 | 05/20/2025 | 05/20/2025 | Khmer Books |
